Estrategia y plan
Saved in:
| Main Author: | |
|---|---|
| Format: | Book |
| Language: | Spanish |
| Published: |
Santiago
Universitaria
1972
|
| Subjects: | |
| Tags: |
Add Tag
No Tags, Be the first to tag this record!
|
MARC
| LEADER | 00000nam a2200000 a 4500 | ||
|---|---|---|---|
| 001 | UCY8700 | ||
| 003 | CL-VaPUC | ||
| 008 | 950707e19720000CL |||||||||||||||||spa|d | ||
| 082 | 0 | 4 | |a 338.98 |b MAT |2 21 |
| 100 | |a Matus Romo, Carlos |e autor |9 340348 | ||
| 245 | 1 | 0 | |a Estrategia y plan |
| 300 | |a 192 p | ||
| 942 | |c BK | ||
| 945 | |d 19950707 00:00:00 |a rbrito | ||
| 260 | |a Santiago |b Universitaria |c 1972 | ||
| 650 | 0 | |a Economía |9 255568 | |
| 650 | 0 | |a Desarrollo económico y social |9 256320 | |
| 650 | 0 | |a Planificación del desarrollo |9 326796 | |
| 650 | 0 | |a Política económica |9 255029 | |
| 651 | 0 | |a América Latina |9 255027 | |
| 583 | |a last modification |c 19950707 00:00:00 |k Rodrigo Vera | ||
| 999 | |c 235921 |d 235919 | ||
| 952 | |0 0 |1 0 |4 0 |6 338_980000000000000_MAT_1972 |7 0 |8 A |9 243660 |a BIBHIS |b BIBHIS |d 2019-11-18 |i 3098974 |o 338.98 MAT 1972 |p 3098974 |r 2025-01-20 |w 2019-11-18 |y BK |k HIS | ||
| 952 | |0 0 |1 0 |4 0 |6 338_980000000000000_MAT_1972 |7 0 |8 A |9 243662 |a BIBDER |b BIBDER |d 2019-11-18 |i 1799428 |o 338.98 MAT 1972 |p 1799428 |r 2023-01-25 |w 2019-11-18 |y BK |k DER | ||
| 952 | |0 0 |1 0 |4 0 |6 338_980000000000000_MAT_1972 |7 0 |8 A |9 243663 |a BIBGIM |b BIBGIM |d 2019-11-18 |i 4077288 |o 338.98 MAT 1972 |p 4077288 |r 2025-01-15 |w 2019-11-18 |y BK |k GIM | ||